000 01050nam a22003017a 4500
001 7392
003 FISKH
005 20250711144132.0
008 250711b cb ||||| |||| 00| 0 eng d
020 _a0590129023
040 _aFISKH
_beng
_cFISKH
_dFISKH
050 _aPZ7.A2615 C
082 _a813.54
100 _aAdler, David A.
245 _aCam Jansen and the chocolate fudge mystery /
_cBy David A. Adler : Illustrated by Susanna Natti
250 _aFirst Scholastic printing, September 1997
260 _aNew York :
_bScholastic,
_c1993.
300 _a58 pages :
_bcolor illustrations ;
_c20 cm .
490 _aCam Jansen
505 _aL
520 _aWhen Cam Jansen and her friend Eric uncover a mystery while selling fudge door-to-door to raise money for the local library, Cam uses her photographic memory to foil a crime.
521 8 _a530
_bLexile estimate
521 8 _aL
_bRaz-Plus
650 _aMystery
_vFiction
700 _aNatti, Susanna
_eIllustrator
942 _2ddc
_cBK
_n0
999 _c7392
_d7392